Flagi reprezentacji w Mistrzostwach Świata 2022 - Statystyki

Ogólne statystyki
  • Ten quiz został rozwiązany 4 001 razy
  • Średni wynik to 31 z 32
Statystyki odpowiedzi
Obrazkowy Odpowiedź % Poprawnych
Brazylia
100%
Niemcy
100%
Anglia
99%
Francja
99%
Polska
99%
Stany zjednoczone
99%
Arabia saudyjska
98%
Argentyna
98%
Belgia
98%
Chorwacja
98%
Hiszpania
98%
Japonia
98%
Kanada
98%
Korea Południowa
98%
Portugalia
98%
Szwajcaria
98%
Dania
97%
Meksyk
97%
Niderlandy
97%
Serbia
97%
Australia
96%
Iran
96%
Katar
96%
Maroko
96%
Urugwaj
96%
Walia
95%
Tunezja
92%
Ekwador
90%
Ghana
86%
Senegal
86%
Kostaryka
84%
Kamerun
82%
Nie znaleziono quizów pasujących do podanych kryteriów
Rozkład punktacji
Procent ludzi z każdym wynikiem
Percentyl według liczby udzielonych odpowiedzi
Twoja historia wyników
Nie rozwiązałeś tego quizu